000 00424pab a2200157 454500
008 180718b2008 xxu||||| |||| 00| 0 eng d
100 _aWaylen, Georgina
245 _aEnhancing the substantive representation of women: lessons from transitions to democracy
260 _c2008
300 _ap.518-34.
362 _aJul
650 _aWomen in politics
773 _aParliamentary Affairs
908 _aN
909 _a79096
999 _c79096
_d79096